200k+ U.S. Cities Containing Each Letter A-Z - Statistics

General Stats
  • This quiz has been taken 2,034 times
  • The average score is 240 of 316
Answer Stats
Starts with Contains Example % Correct
A A Austin
99%
A N Austin
98%
B B Boston
98%
C A Chicago
98%
C C Chicago
98%
D D Dallas
98%
L E Los Angeles
98%
L L Los Angeles
98%
L S Los Angeles
98%
N E New York
98%
N N New York
98%
N O New York
98%
N R New York
98%
N W New York
98%
P P Phoenix
98%
S A San Antonio
98%
S N San Antonio
98%
S O San Antonio
98%
S S San Antonio
98%
A T Austin
97%
B O Boston
97%
C I Chicago
97%
C O Chicago
97%
L A Los Angeles
97%
L G Los Angeles
97%
L O Los Angeles
97%
M A Milwaukee
97%
M I Memphis
97%
M M Memphis
97%
P H Phoenix
97%
P I Phoenix
97%
S C San Francisco
97%
S E San Diego
97%
S I San Antonio
97%
S T San Antonio
97%
A L Albuquerque
96%
A U Austin
96%
B T Boston
96%
C H Chicago
96%
D E Denver
96%
D R Denver
96%
L N Los Angeles
96%
N K New York
96%
P A Philadelphia
96%
P D Philadelphia
96%
P E Phoenix
96%
P L Philadelphia
96%
S L Seattle
96%
S R San Francisco
96%
B S Boston
95%
H H Houston
95%
H N Houston
95%
H U Houston
95%
P N Phoenix
95%
P O Phoenix
95%
W A Washington DC
95%
W I Washington DC
95%
W T Washington DC
95%
W W Washington DC
95%
B N Boston
94%
D S Dallas
94%
H O Houston
94%
N A Nashville
94%
N L Nashville
94%
N Y New York
94%
O A Oklahoma City
94%
O O Oklahoma City
94%
W C Washington DC
94%
W H Washington DC
94%
W O Washington DC
94%
W S Washington DC
94%
B A Baltimore
93%
C G Chicago
93%
C L Charlotte
93%
M E Memphis
93%
N S Nashville
93%
O L Oklahoma City
93%
T T Tucson
93%
W N Washington DC
93%
A I Austin
92%
B E Baltimore
92%
D A Dallas
92%
D L Dallas
92%
L V Las Vegas
92%
M S Memphis
92%
P R Portland
92%
P T Portland
92%
S F San Francisco
92%
T A Tulsa
92%
A E Albuquerque
91%
A R Albuquerque
91%
B I Baltimore
91%
B L Baltimore
91%
D I Detroit
91%
D O Detroit
91%
H S Houston
91%
B R Baltimore
90%
D N Denver
90%
H T Houston
90%
I I Indianapolis
90%
I N Indianapolis
90%
M L Milwaukee
90%
M O Minneapolis
90%
M P Memphis
90%
R R Raleigh
90%
W D Washington DC
90%
W G Washington DC
90%
A S Austin
89%
C E Charlotte
89%
C T Charlotte
89%
J C Jacksonville
89%
J E Jacksonville
89%
J I Jacksonville
89%
J J Jacksonville
89%
J S Jacksonville
89%
O D Oakland
89%
O N Oakland
89%
C N Colorado Springs
88%
I A Indianapois
88%
I D Indianapolis
88%
I L Indianapolis
88%
I O Indianapolis
88%
I P Indianapolis
88%
I S Indianapolis
88%
J A Jacksonville
88%
J K Jacksonville
88%
J L Jacksonville
88%
J N Jacksonville
88%
J O Jacksonville
88%
J V Jacksonville
88%
M N Minneapolis
88%
R H Raleigh
88%
S D San Diego
88%
D T Detroit
87%
D V Denver
87%
K A Kansas City
87%
K C Kansas City
87%
K I Kansas City
87%
K K Kansas City
87%
K N Kansas City
87%
K S Kansas City
87%
K T Kansas City
87%
K Y Kansas City
87%
O H Oklahoma City
87%
O M Oklahoma City
87%
R E Raleigh
87%
S G San Diego
87%
T S Tucson
87%
C S Columbus
86%
O K Oklahoma City
86%
P X Phoenix
86%
R I Raleigh
86%
R O Reno
86%
L I Louisville
85%
O R Orlando
85%
T M Tampa
85%
B U Buffalo
84%
C D Colorado Springs
84%
C R Charlotte
84%
F F Fort Worth
84%
N H Nashville
84%
N V Nashville
84%
S U Saint Paul
84%
T L Tulsa
84%
A O Arlington
83%
F O Fort Worth
83%
F R Fort Worth
83%
S K Stockton
83%
A B Albuquerque
82%
A Q Albuquerque
82%
C U Columbus
82%
N I Nashville
82%
R N Reno
82%
A G Arlington
81%
B F Bakersfield
81%
O C Oklahoma City
81%
O I Oklahoma City
81%
O T Oklahoma City
81%
O Y Oklahoma City
81%
P S Pittsburgh
81%
P U Pittsburgh
81%
T P Tampa
81%
B M Baltimore
80%
C V Cleveland
80%
H L Honolulu
80%
P B Pittsburgh
80%
P G Pittsburgh
80%
R C Richmond
80%
A H Anaheim
79%
C B Columbus
79%
C M Columbus
79%
F T Fort Worth
79%
R A Raleigh
79%
R G Raleigh
79%
R L Raleigh
79%
T O Tucson
79%
L C Long Beach
78%
T U Tucson
78%
E A El Paso
76%
E E El Paso
76%
E L El Paso
76%
E O El Paso
76%
E P El Paso
76%
E S El Paso
76%
M H Memphis
76%
T C Tucson
76%
F W Fort Worth
75%
M K Milwaukee
75%
R D Riverside
75%
S M Sacramento
75%
F E Fresno
74%
L U Louisville
74%
M U Milwaukee
74%
M W Milwaukee
74%
S J San Jose
74%
S P Saint Paul
74%
S Y Salt Lake City
74%
T E Toledo
74%
F H Fort Worth
71%
L T Lexington
71%
A C Anchorage
70%
D M Durham
70%
F N Fresno
70%
G G Greensboro
69%
T N Tucson
69%
G N Greensboro
68%
R M Richmond
68%
V A Virginia Beach
68%
V B Virginia Beach
68%
V C Virginia Beach
68%
V E Virginia Beach
68%
V G Virginia Beach
68%
V H Virginia Beach
68%
V I Virginia Beach
68%
V N Virginia Beach
68%
V R Virginia Beach
68%
V V Virginia Beach
68%
C P Colorado Springs
67%
L K Lubbock
67%
G R Greensboro
66%
G S Greensboro
65%
L R Laredo
65%
F S Fresno
64%
R S Riverside
64%
M D Madison
62%
A M Anaheim
61%
T H Tallahassee
60%
B G Baton Rouge
59%
G A Glendale
59%
G D Glendale
59%
G E Greensboro
58%
F A Fort Wayne
57%
F Y Fort Wayne
57%
W E Winston-Salem
57%
R T Rochester
55%
G B Greensboro
54%
G I Gilbert
54%
L B Long Beach
54%
S B St. Petersburg
53%
B D Bakersfield
51%
B K Bakersfield
51%
L X Lexington
51%
G O Greensboro
50%
G P Grand Prairie
50%
T D Toledo
50%
H E Henderson
49%
W L Winston-Salem
49%
W M Winston-Salem
49%
J R Jersey City
48%
J T Jersey City
48%
J Y Jersey City
48%
Y E Yonkers
47%
Y K Yonkers
47%
Y N Yonkers
47%
Y O Yonkers
47%
Y R Yonkers
47%
Y S Yonkers
47%
Y Y Yonkers
47%
D H Durham
44%
D U Durham
44%
M B Mobile
44%
F I Frisco
42%
H I Hialeah
41%
R V Riverside
41%
S X Sioux Falls
41%
L H Long Beach
37%
N F Norfolk
37%
G L Gilbert
36%
I R Irvine
36%
I V Irvine
36%
F L Fayetteville
35%
F V Fayetteville
35%
I E Irvine
33%
H V Huntsville
32%
H D Henderson
31%
H R Henderson
31%
L D Laredo
31%
W R Worcester
31%
N G North Las Vegas
28%
N T North Las Vegas
28%
I G Irving
27%
H A Hialeah
24%
C K Chesapeake
23%
F M Fremont
23%
O X Oxnard
23%
M T Modesto
22%
O E Overland Park
22%
O P Overland Park
22%
O V Overland Park
22%
G T Gilbert
21%
F C Frisco
20%
M Y McKinney
18%
P C Port St. Lucie
18%
M C McKinney
13%
M R Moreno Valley
13%
M V Moreno Valley
13%
No matching quizzes found
Score Distribution
Percent of People with Each Score
Percentile by Number Answered
Your Score History
You have not taken this quiz